| 000 -LEADER |
| fixed length control field |
00842cam a2200241 i 4500 |
| 003 - CONTROL NUMBER IDENTIFIER |
| control field |
OSt |
| 005 - DATE AND TIME OF LATEST TRANSACTION |
| control field |
20230717183503.0 |
| 008 - FIXED-LENGTH DATA ELEMENTS--GENERAL INFORMATION |
| fixed length control field |
131230t20132013ii a b 000 0 eng d |
| 020 ## - INTERNATIONAL STANDARD BOOK NUMBER |
| International Standard Book Number |
9788186906729 (pbk.) |
| 043 ## - GEOGRAPHIC AREA CODE |
| Geographic area code |
a-ii--- |
| 082 04 - DEWEY DECIMAL CLASSIFICATION NUMBER |
| Classification number |
363.73920954 |
| Edition number |
23 |
| 245 00 - TITLE STATEMENT |
| Title |
Good news & bad news : |
| Remainder of title |
clearing the air in Indian cities / |
| Statement of responsibility, etc |
editors, Souparno Banerjee, Papia Samajdar and Sheeba Madan. |
| 246 17 - VARYING FORM OF TITLE |
| Title proper/short title |
Good news bad news |
| 246 3# - VARYING FORM OF TITLE |
| Title proper/short title |
Good news and bad news |
| 300 ## - PHYSICAL DESCRIPTION |
| Extent |
262 pages : |
| Other physical details |
illustrations (chiefly color) ; |
| Dimensions |
29 cm |
| 504 ## - BIBLIOGRAPHY, ETC. NOTE |
| Bibliography, etc |
Includes bibliographical references. |
| 650 #0 - SUBJECT ADDED ENTRY--TOPICAL TERM |
| Topical term or geographic name as entry element |
Air |
| General subdivision |
Pollution |
| Geographic subdivision |
India. |
| 700 1# - ADDED ENTRY--PERSONAL NAME |
| Personal name |
Banerjee, Souparno, |
| Relator term |
editor. |
| 700 1# - ADDED ENTRY--PERSONAL NAME |
| Personal name |
Samajdar, Papia, |
| Dates associated with a name |
1981- |
| Relator term |
editor. |
| 700 0# - ADDED ENTRY--PERSONAL NAME |
| Personal name |
Sheeba Madan, |
| Relator term |
editor. |
| 710 2# - ADDED ENTRY--CORPORATE NAME |
| Corporate name or jurisdiction name as entry element |
Centre for Science and Environment (New Delhi, India) |
| 942 ## - ADDED ENTRY ELEMENTS (KOHA) |
| Source of classification or shelving scheme |
|